<?xml version="1.0" encoding="UTF-8"?>
<collection xmlns="http://www.loc.gov/MARC21/slim">
    <record>
        <controlfield tag="001">79640</controlfield>
        <controlfield tag="005">20200716101451.0</controlfield>
        <datafield tag="024" ind1="7" ind2=" ">
            <subfield code="2">doi</subfield>
            <subfield code="a">10.1371/journal.pcbi.1006173</subfield>
        </datafield>
        <datafield tag="024" ind1="8" ind2=" ">
            <subfield code="2">sideral</subfield>
            <subfield code="a">112243</subfield>
        </datafield>
        <datafield tag="037" ind1=" " ind2=" ">
            <subfield code="a">ART-2019-112243</subfield>
        </datafield>
        <datafield tag="041" ind1=" " ind2=" ">
            <subfield code="a">eng</subfield>
        </datafield>
        <datafield tag="100" ind1=" " ind2=" ">
            <subfield code="a">Kalimeri, Kyriaki</subfield>
        </datafield>
        <datafield tag="245" ind1=" " ind2=" ">
            <subfield code="a">Unsupervised extraction of epidemic syndromes from participatory influenza surveillance self-reported symptoms</subfield>
        </datafield>
        <datafield tag="260" ind1=" " ind2=" ">
            <subfield code="c">2019</subfield>
        </datafield>
        <datafield tag="506" ind1="0" ind2=" ">
            <subfield code="a">Access copy available to the general public</subfield>
            <subfield code="f">Unrestricted</subfield>
        </datafield>
        <datafield tag="520" ind1="3" ind2=" ">
            <subfield code="a">Seasonal influenza surveillance is usually carried out by sentinel general practitioners (GPs) who compile weekly reports based on the number of influenza-like illness (ILI) clinical cases observed among visited patients. This traditional practice for surveillance generally presents several issues, such as a delay of one week or more in releasing reports, population biases in the health-seeking behaviour, and the lack of a common definition of ILI case. On the other hand, the availability of novel data streams has recently led to the emergence of non-traditional approaches for disease surveillance that can alleviate these issues. In Europe, a participatory web-based surveillance system called Influenzanet represents a powerful tool for monitoring seasonal influenza epidemics thanks to aid of self-selected volunteers from the general population who monitor and report their health status through Internet-based surveys, thus allowing a real-time estimate of the level of influenza circulating in the population. In this work, we propose an unsupervised probabilistic framework that combines time series analysis of self-reported symptoms collected by the Influenzanet platforms and performs an algorithmic detection of groups of symptoms, called syndromes. The aim of this study is to show that participatory web-based surveillance systems are capable of detecting the temporal trends of influenza-like illness even without relying on a specific case definition. The methodology was applied to data collected by Influenzanet platforms over the course of six influenza seasons, from 2011-2012 to 2016-2017, with an average of 34, 000 participants per season. Results show that our framework is capable of selecting temporal trends of syndromes that closely follow the ILI incidence rates reported by the traditional surveillance systems in the various countries (Pearson correlations ranging from 0.69 for Italy to 0.88 for the Netherlands, with the sole exception of Ireland with a correlation of 0.38). The proposed framework was able to forecast quite accurately the ILI trend of the forthcoming influenza season (2016-2017) based only on the available information of the previous years (2011-2016). Furthermore, to broaden the scope of our approach, we applied it both in a forecasting fashion to predict the ILI trend of the 2016-2017 influenza season (Pearson correlations ranging from 0.60 for Ireland and UK, and 0.85 for the Netherlands) and also to detect gastrointestinal syndrome in France (Pearson correlation of 0.66). The final result is a near-real-time flexible surveillance framework not constrained by any specific case definition and capable of capturing the heterogeneity in symptoms circulation during influenza epidemics in the various European countries. Author summary This study suggests how web-based surveillance data can provide an epidemiological signal capable of detecting the temporal trends of influenza-like illness without relying on a specific case definition. The proposed framework was able to forecast quite accurately the ILI trend of the forthcoming influenza season based only on the available information of the previous years. Moreover, to broaden the scope of our approach, we applied it to the detection of gastrointestinal syndromes. We evaluated the approach against the traditional surveillance data and despite the limited amount of data, the gastrointestinal trend was successfully detected. The result is a near-real-time flexible surveillance and prediction tool that is not constrained by any disease case definition.</subfield>
        </datafield>
        <datafield tag="536" ind1=" " ind2=" ">
            <subfield code="9">info:eu-repo/grantAgreement/ES/MINECO/MDM-2017-0711</subfield>
            <subfield code="9">info:eu-repo/grantAgreement/ES/MINECO/FIS2017-87519-P</subfield>
            <subfield code="9">This project has received funding from the European Union’s Horizon 2020 research and innovation program under grant agreement No H2020 641191-CIMPLEX</subfield>
            <subfield code="9">info:eu-repo/grantAgreement/EC/H2020/641191/EU/Bringing CItizens, Models and Data together in Participatory, Interactive SociaL EXploratories/CIMPLEX</subfield>
        </datafield>
        <datafield tag="540" ind1=" " ind2=" ">
            <subfield code="9">info:eu-repo/semantics/openAccess</subfield>
            <subfield code="a">by</subfield>
            <subfield code="u">http://creativecommons.org/licenses/by/3.0/es/</subfield>
        </datafield>
        <datafield tag="590" ind1=" " ind2=" ">
            <subfield code="a">4.7</subfield>
            <subfield code="b">2019</subfield>
        </datafield>
        <datafield tag="591" ind1=" " ind2=" ">
            <subfield code="a">MATHEMATICAL &amp; COMPUTATIONAL BIOLOGY</subfield>
            <subfield code="b">6 / 59 = 0.102</subfield>
            <subfield code="c">2019</subfield>
            <subfield code="d">Q1</subfield>
            <subfield code="e">T1</subfield>
        </datafield>
        <datafield tag="591" ind1=" " ind2=" ">
            <subfield code="a">BIOCHEMICAL RESEARCH METHODS</subfield>
            <subfield code="b">9 / 77 = 0.117</subfield>
            <subfield code="c">2019</subfield>
            <subfield code="d">Q1</subfield>
            <subfield code="e">T1</subfield>
        </datafield>
        <datafield tag="592" ind1=" " ind2=" ">
            <subfield code="a">2.91</subfield>
            <subfield code="b">2019</subfield>
        </datafield>
        <datafield tag="593" ind1=" " ind2=" ">
            <subfield code="a">Cellular and Molecular Neuroscience</subfield>
            <subfield code="c">2019</subfield>
            <subfield code="d">Q1</subfield>
        </datafield>
        <datafield tag="593" ind1=" " ind2=" ">
            <subfield code="a">Computational Theory and Mathematics</subfield>
            <subfield code="c">2019</subfield>
            <subfield code="d">Q1</subfield>
        </datafield>
        <datafield tag="593" ind1=" " ind2=" ">
            <subfield code="a">Ecology</subfield>
            <subfield code="c">2019</subfield>
            <subfield code="d">Q1</subfield>
        </datafield>
        <datafield tag="593" ind1=" " ind2=" ">
            <subfield code="a">Molecular Biology</subfield>
            <subfield code="c">2019</subfield>
            <subfield code="d">Q1</subfield>
        </datafield>
        <datafield tag="593" ind1=" " ind2=" ">
            <subfield code="a">Genetics</subfield>
            <subfield code="c">2019</subfield>
            <subfield code="d">Q1</subfield>
        </datafield>
        <datafield tag="593" ind1=" " ind2=" ">
            <subfield code="a">Modeling and Simulation</subfield>
            <subfield code="c">2019</subfield>
            <subfield code="d">Q1</subfield>
        </datafield>
        <datafield tag="593" ind1=" " ind2=" ">
            <subfield code="a">Ecology, Evolution, Behavior and Systematics</subfield>
            <subfield code="c">2019</subfield>
            <subfield code="d">Q1</subfield>
        </datafield>
        <datafield tag="655" ind1=" " ind2="4">
            <subfield code="a">info:eu-repo/semantics/article</subfield>
            <subfield code="v">info:eu-repo/semantics/publishedVersion</subfield>
        </datafield>
        <datafield tag="700" ind1=" " ind2=" ">
            <subfield code="a">Delfino, Matteo</subfield>
        </datafield>
        <datafield tag="700" ind1=" " ind2=" ">
            <subfield code="a">Cattuto, Ciro</subfield>
        </datafield>
        <datafield tag="700" ind1=" " ind2=" ">
            <subfield code="a">Perrotta, Daniela</subfield>
        </datafield>
        <datafield tag="700" ind1=" " ind2=" ">
            <subfield code="a">Colizza, Vittoria</subfield>
        </datafield>
        <datafield tag="700" ind1=" " ind2=" ">
            <subfield code="a">Guerrisi, Caroline</subfield>
        </datafield>
        <datafield tag="700" ind1=" " ind2=" ">
            <subfield code="a">Turbelin, Clement</subfield>
        </datafield>
        <datafield tag="700" ind1=" " ind2=" ">
            <subfield code="a">Duggan, Jim</subfield>
        </datafield>
        <datafield tag="700" ind1=" " ind2=" ">
            <subfield code="a">Edmunds, John</subfield>
        </datafield>
        <datafield tag="700" ind1=" " ind2=" ">
            <subfield code="a">Obi, Chinelo</subfield>
        </datafield>
        <datafield tag="700" ind1=" " ind2=" ">
            <subfield code="a">Pebody, Richard</subfield>
        </datafield>
        <datafield tag="700" ind1=" " ind2=" ">
            <subfield code="a">Franco, Ana O</subfield>
        </datafield>
        <datafield tag="700" ind1=" " ind2=" ">
            <subfield code="0">(orcid)0000-0002-0895-1893</subfield>
            <subfield code="a">Moreno, Yamir</subfield>
            <subfield code="u">Universidad de Zaragoza</subfield>
        </datafield>
        <datafield tag="700" ind1=" " ind2=" ">
            <subfield code="a">Meloni, Sandro</subfield>
        </datafield>
        <datafield tag="700" ind1=" " ind2=" ">
            <subfield code="a">Koppeschaar, Carl</subfield>
        </datafield>
        <datafield tag="700" ind1=" " ind2=" ">
            <subfield code="a">Kjelso, Charlotte</subfield>
        </datafield>
        <datafield tag="700" ind1=" " ind2=" ">
            <subfield code="a">Mexia, Ricardo</subfield>
        </datafield>
        <datafield tag="700" ind1=" " ind2=" ">
            <subfield code="a">Paolotti, Daniela</subfield>
        </datafield>
        <datafield tag="710" ind1="2" ind2=" ">
            <subfield code="1">2004</subfield>
            <subfield code="2">405</subfield>
            <subfield code="a">Universidad de Zaragoza</subfield>
            <subfield code="b">Dpto. Física Teórica</subfield>
            <subfield code="c">Área Física Teórica</subfield>
        </datafield>
        <datafield tag="773" ind1=" " ind2=" ">
            <subfield code="g">15, 4 (2019), e100617 [21 p.]</subfield>
            <subfield code="p">PLoS Comput. Biol.</subfield>
            <subfield code="t">PLoS computational biology</subfield>
            <subfield code="x">1553-7358</subfield>
        </datafield>
        <datafield tag="856" ind1="4" ind2=" ">
            <subfield code="s">692863</subfield>
            <subfield code="u">http://zaguan.unizar.es/record/79640/files/texto_completo.pdf</subfield>
            <subfield code="y">Versión publicada</subfield>
        </datafield>
        <datafield tag="856" ind1="4" ind2=" ">
            <subfield code="s">95407</subfield>
            <subfield code="u">http://zaguan.unizar.es/record/79640/files/texto_completo.jpg?subformat=icon</subfield>
            <subfield code="x">icon</subfield>
            <subfield code="y">Versión publicada</subfield>
        </datafield>
        <datafield tag="909" ind1="C" ind2="O">
            <subfield code="o">oai:zaguan.unizar.es:79640</subfield>
            <subfield code="p">articulos</subfield>
            <subfield code="p">driver</subfield>
        </datafield>
        <datafield tag="951" ind1=" " ind2=" ">
            <subfield code="a">2020-07-16-09:06:20</subfield>
        </datafield>
        <datafield tag="980" ind1=" " ind2=" ">
            <subfield code="a">ARTICLE</subfield>
        </datafield>
    </record>

    
</collection>